[Event "SWE-chT 1718 Elite"]
[Site "Sweden"]
[Date "2018.03.17"]
[Round "8.1"]
[White "Carlsson, Pontus"]
[Black "Lindh, Stefan"]
[Result "1-0"]
[WhiteElo "2449"]
[BlackElo "1933"]
[PlyCount "41"]
[EventDate "2017.10.20"]
[EventType "team-tourn"]
[EventRounds "9"]
[EventCountry "SWE"]
[SourceTitle "EXT 2019"]
[Source "ChessBase"]
[SourceDate "2018.10.10"]
[SourceVersion "1"]
[SourceVersionDate "2018.10.10"]
[SourceQuality "1"]
[WhiteTeam "Malmo"]
[BlackTeam "Stockholm SS"]
[WhiteTeamCountry "SWE"]
[BlackTeamCountry "SWE"]

1. e4 c5 2. Nf3 Nc6 3. Bb5 g6 4. Bxc6 bxc6 5. 0-0 Bg7 6. Re1 e6 7. e5 d5 8. d3 Ne7 9. c4 0-0 10. Nc3 Nf5 11. Bg5 f6 12. exf6 Bxf6 13. Bxf6 Qxf6 14. Qd2 dxc4 15. Ne4 Qe7 16. dxc4 Rd8 17. Qc3 Nd4 18. Ne5 Rf8 19. b4 Qh4 20. bxc5 Nf5 21. Rad1 1-0